| 000 | 00483nam a22001937a 4500 | ||
|---|---|---|---|
| 003 | OSt | ||
| 005 | 20240724110306.0 | ||
| 008 | 240724b |||||||| |||| 00| 0 eng d | ||
| 020 | _a9780321296443 | ||
| 040 | _cMUST | ||
| 082 |
_222 _a512 RAT 2008 |
||
| 100 |
_aRatti,J S _919001 |
||
| 245 |
_aCollege Algebra/ _cJ S Ratti |
||
| 300 |
_axxiii, 772p. _bill. _c26cm |
||
| 504 | _aindexes included | ||
| 650 | _2mathematics | ||
| 700 |
_aMcWaters, Marcus _919002 |
||
| 942 |
_2ddc _cO_SHELF |
||
| 999 |
_c9291 _d9291 |
||